Connais-tu vraiment Toulouse ? - Statistiques

Statistiques générales
  • Ce quiz a été pris 126 fois
  • Le résultat moyen est 13 sur 15
Statistiques - réponses
Question Réponse % Correct
Quel sport est le plus populaire ? Rugby
100%
Quel est le surnom de Toulouse ? Ville rose
100%
Quel grand groupe industriel est historiquement lié à Toulouse dans l’aéronautique ? Airbus
99%
Quel canal passe par Toulouse ? Canal du Midi
99%
Quel est le plat typique ? Cassoulet
99%
Quel fleuve traverse Toulouse ? Garonne
99%
Dans quelle région se trouve Toulouse ? Occitanie
99%
Comment s’appelle la place centrale ? Place du Capitole
99%
Quelle est la spécialité de charcuterie ? Saucisse de Toulouse
99%
Quel parc est dédié à l’espace ? Cité de l’Espace
98%
Quelle basilique célèbre se trouve à Toulouse ? Saint-Sernin
96%
Quelle fleur est symbole de Toulouse ? Violette
90%
Comment s’appelle le style architectural typique de Toulouse lié à l’usage de la brique ? Architecture méridionale en brique
79%
Quel saint est associé à la basilique Saint-Sernin ? Saint Saturnin
51%
Quel ordre religieux est associé au Couvent des Jacobins ? Dominicains
24%
Aucun quiz correspondant
Distribution des résultats
% des personnes avec chaque résultat
Percentile par nombre de réponses
Votre historique - résultats
Vous n’avez pas pris ce quiz